MDQL
is popping MORE tags! Check the
thread
!
Quizzes
Events
Quiz Creation
Community
Videos
Private Events
Remove Ads
Sign In
Join for FREE
Feedback
Dark Mode
Quiz Categories
Sports
Geography
Music
Movies
Television
Just For Fun
Miscellaneous
History
Literature
Language
Science
Gaming
Entertainment
Religion
Holiday
For Kids
Quiz Lab
Recent
Popular Today
Quiz Kudos Today
Editor Picks
Curator Picks
Quizzes by...
Day
Popularity
Type
Ratings
Length
Year
Community
Subscriptions
Recent Discussions
Orange Saloon
Badges
Playlists
Quests
Create
Leaderboards
Showdown
Live 5
Trivia Bingo
Activity
Puzzle Library
Sporcle Events
Private Events
Virtual Trivia
Globe League
Become a Host
Pub Owners
SporcleCon
Opinionation
Our Games
Videos
Blog
Mobile Apps
Partnerships
Remove Ads and Go Orange
Feedback
Music
Pop Music
The Beatles
Song
Album
Lyrics
Bands
Singers
Artist
Clip
Rock
Rap
Classical
Billboard
Country Music
Kpop
Taylor Swift
Music
Pop Music
The Beatles
Song
Album
Lyrics
Bands
Singers
Artist
Clip
Rock
Rap
Classical
Billboard
Country Music
Kpop
Taylor Swift
Random Quiz
Search Sporcle
×
Quiz Lab
Quiz Lab
Music
Lyrics
Type in answers that appear in a list
Type in answers that appear in a list
Classic
Best Score? Go Orange.
Can You Name All the Lyrics MONSTA X's Who Do You Love? Stats
Can you name the Can You Name All the Lyrics MONSTA X's Who Do You Love??
By
l_dog16
7m
129 Questions
393 Plays
393 Plays
393 Plays
Comments
Comments
Give Quiz Kudos
Give Quiz Kudos
-
- Ratings
hide this ad
More Info
Replay
Link that replays current quiz
Next Quiz
Link to next quiz in quiz playlist
You Got
0%
They Got
Avg Score
88%
Avg Friend Score
Upgrade to see
Score Distribution
Jump to the score distribution portion of the page
Score
0/129
Timer
07:00
0
Plays Today
Answer
% Correct
i
100%
I
100%
the
99.5%
the
99.5%
and
99.5%
a
99.5%
the
99.5%
the
99.5%
the
99.5%
and
99.5%
the
99.5%
the
99.5%
the
99.5%
you
99.2%
you
99.2%
you
99.2%
you
99.2%
you
99.2%
(Pre-Chorus)
99.2%
you
99.2%
you
99.2%
(Chorus)
99.2%
you
99.2%
you
99.2%
you
99.2%
who
98.5%
who
98.5%
do
98.2%
do
98.2%
do
98.2%
do
98.2%
me
97.7%
me
97.7%
me
97.7%
me
97.7%
love
97.4%
love
97.4%
it
96.7%
is
95.9%
him
94.9%
or
94.9%
cant
94.9%
cant
94.9%
Answer
% Correct
in
94.4%
in
94.4%
take
94.1%
out
93.3%
one
93.3%
one
93.3%
one
93.3%
out
93.3%
of
92.8%
of
92.8%
of
92.8%
im
92.8%
im
92.8%
im
92.8%
anymore
91.8%
cause
91.3%
your
90.8%
your
90.8%
that
90.8%
that
90.8%
pressure
90.3%
moment
90%
say
89.7%
say
89.7%
heat
89.5%
when
89.5%
when
89.5%
no
88.2%
for
87.7%
walkin
87.4%
killin
87.2%
door
86.9%
its
86.7%
sure
86.7%
Whos
85.6%
whos
85.6%
breath
85.1%
think
84.9%
youre
84.6%
alone
84.1%
night
84.1%
day
83.8%
to
83.6%
Answer
% Correct
just
83.1%
just
83.1%
got
82.1%
all
81%
tell
81%
if
80.3%
know
80%
are
79.7%
girl
79.7%
by
79.5%
what
79.2%
wish
79.2%
hanging
79.2%
baby
79.2%
ever
79%
head
78.7%
where
78.7%
takes
78.7%
up
78.5%
than
78.5%
than
78.5%
time
78.5%
instead
78.2%
thread
78.2%
higher
78.2%
then
78.2%
eyes
77.9%
now
77.9%
been
77.9%
see
77.4%
were
77.4%
answer
76.2%
closing
75.6%
waste
74.9%
youve
74.4%
yeah
73.1%
going
72.1%
oh
71.8%
aint
71.3%
keepin
71%
gotta
69.5%
whats
67.7%
tryna
67.2%
Quiz Playlist
Details
Report
Send in Message
Add To Playlist
More Info:
These lyrics are without French Montana's rap, because he does not deserve to be in such a bop of a song.
Classic:
Type in answers that appear in a list
Last Updated: Sep 22, 2019
Quiz Scoreboard
CHALLENGE
Sign Up to Join the Scoreboard
Show All
Scores
Hide
Comments
May contain spoilers
Recently Published
Find the 'City' Movie
by crazypaving
Movies
60s
5x2 Blitz: Bands
by SL_Kpop136
Music
30s
Colored Red Africa Blitz
by spor1
Geography
30s
More to Explore
Quiz From the Vault
Featured Blog Post
14 Easter Pick-up Lines to Find Eggs With
hide this ad
You Might Also Like...
Tags
Artist Quiz
Kpop Quiz
Lyrics Quiz
Song Quiz
Figure Out the Lyrics
Monsta X
Today's Top Quizzes in Music
Browse Music
hide this ad
Today's Top Quizzes in Lyrics
Browse Lyrics
Top Contributed Quizzes in Music
1
5X2 Blitz: Bands II
2
5X2 Blitz: The Beatles
3
Taylor Swift All Songs (2024)
4
5X2 Blitz: Billboard
5
Taylor Swift Logic Puzzle II
6
5X2 Blitz: Billboard II
7
5X2 Blitz: Singers
8
5X2 Blitz: Album
9
5X2 Blitz: Rock
10
5X2 Blitz: Lyrics
Explore More
Trending Topics
NBA
Kpop
Marvel
Crossword
Disney
Anime
Harry Potter
Soccer
NFL
The Office
Country
WWE
Pokémon
Puzzle
Song
hide this ad
More By:
l_dog16
Quiz
Plays
Rating
Category
Featured
Created
ATEEZ Crossword
1,300
4.08
Music
Nov 25, 2020
The Boyz Crossword
977
5.00
Music
Dec 11, 2020
Can You Name All the Lyrics MONSTA X's Who Do You Love?
393
5.00
Music
Sep 22, 2019
GOT7 crossword
331
5.00
Music
Nov 24, 2020
Monsta X Crossword
250
5.00
Music
Nov 25, 2020
Go to Creator's Profile
Score Distribution
Quiz Creator Spotlight
l_dog16
Follow
Send a Message
Quizzes Created
-
Created Quiz Play Count
-
More By This Creator
Popular Quizzes Today
1
Colored Red Africa Blitz
2
Find the 'City' Movie
3
Find the US States - No Outlines Minefield
4
5x2 Blitz: Bands
5
The Countries of the World
6
Find the US States
7
Find the Countries of Europe - No Outlines Minefield
8
US States
More Music Quizzes
Hozier - Figure Out the Song
Quiz Lab
Trending Quizzes
Colored Red Europe Blitz I
Colored Red Africa Blitz II
Colored Red Europe Blitz II
Colored Red Europe Blitz III
Colored Red Africa Blitz III
Recently Updated
How Do You Spell That?
pecheneg
Godzilla Movies
pecheneg
Grab Bag: 4-10 Letters
pecheneg
2024 March Madness Bracket
pecheneg
Famous TV Couples
Peacemaker
Champions League XIs: Real Madrid
pecheneg
Largest US Cities 1790-2010
pecheneg
Rides in Walt Disney World
pecheneg
Most Oscar Losses (Acting)
pecheneg
Beyoncé Albums
pecheneg
Trending Topics
Anime
Kpop
Harry Potter
NBA
Crossword
Marvel
Disney
Country
Soccer
WWE
The Office
Song
NFL
Puzzle
Pokémon
Your Account Isn't Verified!
In order to create a playlist on Sporcle, you need to verify the email address you used during registration. Go to your
Sporcle Settings
to finish the process.
Report this User
Report this user for behavior that violates our
Community Guidelines
.
Details:
Send Report
Go to the Sporcle.com Mobile Site →
Comments